000 01103cam a2200229 4500
001 J122934
008 030326n2002 000 0 eng u
035 _a(Sirsi) u122934
041 _aeng.
050 _a621
_c18
110 _aAssociation of Consulting Engineers
_91225
245 _aACE Agreement C(2) 2002 Mechanical & Electrical Engineeering Services
_bConsultant appointed by design and construct contractor
260 _aLondon
_bACE
_c2002
300 _a34p.
_c31cm.
350 _a24
520 _aThis agreement is intended for use when the consulting engineer is appointed by a design and construct contractor for the provision of mechanical and electrical engineering services. It should be used in conjunction with the guidance document C - 'ACE Agreements 2002 guidance: for use with ACT Agreements C(1) and C(2)' - a copy of which is included in the folder containing the agreement.
650 _aELECTRICAL ENGINEERING CONTRACTS
650 _aMECHANICAL ENGINEERING CONTRACTS
650 _aCONSULTING ENGINEERS
690 _aBUILDING AND CONSTRUCTION-ENGINEERING
942 _n0
999 _c102960
_d102960